000
00197 a2200097 4500
020
_a
9780794541583
041
_a
eng
100
_a
Mackinnon, Mairi
245
_a
Late night at the night
942
_c
BK
999
_c
31660
_d
31658